00238nam a22000977a 4500040000900000082001500009100003000024245002400054260003800078650002400116 cNust a297.7bASH aMaulana Ashraf Ali Thanvi aبہشتی زیور aLahore:bMaktaba Rehmania,c1995. aبہشتی زیور